La bruja de Navidad / (Record no. 17280)

MARC details
000 -LEADER
fixed length control field 01248cam a2200337 a 4500
001 - CONTROL NUMBER
control field 2562916
003 - CONTROL NUMBER IDENTIFIER
control field DLC
005 - DATE AND TIME OF LATEST TRANSACTION
control field 20170426161019.0
008 - FIXED-LENGTH DATA ELEMENTS--GENERAL INFORMATION
fixed length control field 951121s1996 nyua j 000 1 spa
010 ## - LIBRARY OF CONGRESS CONTROL NUMBER
LC control number 95050541
020 ## - INTERNATIONAL STANDARD BOOK NUMBER
International Standard Book Number 0803719965 (trade)
020 ## - INTERNATIONAL STANDARD BOOK NUMBER
International Standard Book Number 9780803719965 (trade)
040 ## - CATALOGING SOURCE
Original cataloging agency DLC
Transcribing agency DLC
Modifying agency DLC
041 1# - LANGUAGE CODE
Language code of text/sound track or separate title spa
Language code of original eng
042 ## - AUTHENTICATION CODE
Authentication code lcac
050 10 - LIBRARY OF CONGRESS CALL NUMBER
Classification number PZ73
Item number .K435 1996
082 00 - DEWEY DECIMAL CLASSIFICATION NUMBER
Classification number [E]
Edition number 20
100 1# - MAIN ENTRY--PERSONAL NAME
Personal name Kellogg, Steven.
240 10 - UNIFORM TITLE
Uniform title <a href="Christmas witch.">Christmas witch.</a>
Language of a work Spanish
245 13 - TITLE STATEMENT
Title La bruja de Navidad /
Statement of responsibility, etc. texto e ilustraciones de Steven Kellogg ; traducción de Osvaldo Blanco.
250 ## - EDITION STATEMENT
Edition statement 1a. ed. en español.
260 ## - PUBLICATION, DISTRIBUTION, ETC. (IMPRINT)
Place of publication, distribution, etc. Nueva York :
Name of publisher, distributor, etc. Dial Books for Young Readers/Penguin Ediciones,
Date of publication, distribution, etc. c1996.
300 ## - PHYSICAL DESCRIPTION
Extent 1 v. (unpaged) :
Other physical details col. ill. ;
Dimensions 32 cm.
520 ## - SUMMARY, ETC.
Summary, etc. Gloria must prove that she has what it takes to become a Christmas Witch by bringing peace to a planet occupied by two feuding factions.
650 #1 - SUBJECT ADDED ENTRY--TOPICAL TERM
Topical term or geographic name as entry element Witches
General subdivision Fiction.
650 #1 - SUBJECT ADDED ENTRY--TOPICAL TERM
Topical term or geographic name as entry element Christmas
General subdivision Fiction.
650 #1 - SUBJECT ADDED ENTRY--TOPICAL TERM
Topical term or geographic name as entry element Spanish language materials.
700 1# - ADDED ENTRY--PERSONAL NAME
Personal name Blanco, Osvaldo.
942 ## - ADDED ENTRY ELEMENTS (KOHA)
Koha item type Libro/Book
Holdings
Withdrawn status Lost status Damaged status Not for loan Home library Current library Shelving location Date acquired Inventory number Total Checkouts Full call number Barcode Checked out Date last seen Date checked out Price effective from Koha item type
        San Juan Del Sur -- Biblioteca San Juan Del Sur -- Biblioteca Children's Area 26/04/2017 Checked out from 2021- Feb 2025 13 E Kel 30024337 20/09/2021 13/09/2021 13/09/2021 26/04/2017 Libro/Book

Powered by Koha